Watsons Clinical Nursing and Related Sciences (Record no. 151997)

MARC details
000 -LEADER
fixed length control field 00361nam a2200133Ia 4500
008 - FIXED-LENGTH DATA ELEMENTS--GENERAL INFORMATION
fixed length control field 230411s9999 xx 000 0 und d
041 ## - LANGUAGE CODE
Language code of text/sound track or separate title eng
082 ## - DEWEY DECIMAL CLASSIFICATION NUMBER
Classification number F/610.73/WAL/B00530
100 ## - MAIN ENTRY--PERSONAL NAME
Personal name Walsh Mike
9 (RLIN) 176309
245 ## - TITLE STATEMENT
Title Watsons Clinical Nursing and Related Sciences
260 ## - PUBLICATION, DISTRIBUTION, ETC. (IMPRINT)
Name of publisher, distributor, etc. Bailliere
Place of publication, distribution, etc. Edinburgh
Date of publication, distribution, etc. 2002
300 ## - PHYSICAL DESCRIPTION
Extent 1038p
Holdings
Withdrawn status Lost status Damaged status Not for loan Collection code Home library Current library Date acquired Vendor Cost, normal purchase price Bill number Total Checkouts Full call number Barcode Date last seen Cost, replacement price Bill Date Koha item type Original Barcode
          Smt. Bakul Tambat Institute of Nursing Education Smt. Bakul Tambat Institute of Nursing Education 14/02/2002 B.J.Medical Co-oprative College Stores 767.00 9681   F 610.73 WAL B00530 BTIN-BK-530 11/04/2023 767.00 24/07/2006 Books B00530